Βιολογία του καρκίνου
Αποθηκεύτηκε σε:
| Κύριος συγγραφέας: | |
|---|---|
| Άλλοι συγγραφείς: | |
| Μορφή: | Βιβλίο |
| Γλώσσα: | Greek |
| Δημοσίευση: |
Αθήνα :
Π. Χ. Πασχαλίδης,
c2006
|
| Έκδοση: | 2η έκδ. |
| Θέματα: | |
| Ετικέτες: |
Προσθήκη ετικέτας
Δεν υπάρχουν, Καταχωρήστε ετικέτα πρώτοι!
|
MARC
| LEADER | 00000nam a2200000 i 4500 | ||
|---|---|---|---|
| 001 | 1/45015 | ||
| 008 | 140331s2006 gre d | ||
| 020 | |a 960-399-404-9 | ||
| 035 | |l 10117229 | ||
| 040 | |a GR-MY-UA |b gre |e aacr | ||
| 041 | 0 | |a gre | |
| 082 | 0 | |a 616.994 |2 (23) | |
| 100 | 1 | |a Κιτράκη, Ευθυμία. | |
| 245 | 1 | 0 | |a Βιολογία του καρκίνου / |c Ευθυμία Κιτράκη, Κωνσταντίνος Τρούγκος |
| 250 | |a 2η έκδ. | ||
| 260 | |a Αθήνα : |b Π. Χ. Πασχαλίδης, |c c2006 | ||
| 300 | |a 204 σ.; |b σχ.; |c 24 εκ. | ||
| 504 | |a Βιβλιογραφία: σ.199-204 | ||
| 650 | 0 | 0 | |a Tumors. |
| 650 | 0 | 0 | |a Cancer |x Molecular diagnosis. |
| 650 | 0 | 0 | |a Cancer cells. |
| 650 | 0 | 0 | |a Carcinogenesis. |
| 700 | 1 | |a Τρούγκος, Κωνσταντίνος. | |
| 852 | |a INST |b LEMNOS |e 20140331 |h 616.994 ΚΙΤ |p 005600001016 |q 005600001016 |t BK |y 0 | ||
| 901 | |a BIBL6-2014-1 | ||
| 909 | |a Μ |b 179305 | ||
| 922 | |a 6ΕΛΗ |b 201306 |c ΤΑΚ/ΤΕΤΔ |d BEST BOOK HUNTERS | ||
| 970 | |a ΜΟΣΧΟΒΗ |b ΕΥΑΓΓΕΛΙΑ |z 2014/03/31 | ||